| 000 | 00545nam a22001937a 4500 | ||
|---|---|---|---|
| 999 |
_c475 _d475 |
||
| 003 | OSt | ||
| 005 | 20210409120804.0 | ||
| 008 | 140919b xxu||||| |||| 00| 0 eng d | ||
| 020 | _a0853241252 | ||
| 040 | _cDNLM | ||
| 082 | _aQT18 R61m 1977 | ||
| 100 |
_aRoddie, Ian C.; Wallace, William F.M. _91268 |
||
| 245 | _aMultiple Choice Questions in Human Physiology with Answers and Comments | ||
| 250 | _a2nd ed. | ||
| 260 |
_alondon; _bLloyd-Luke, _c1997 |
||
| 300 |
_aix, 349 p : _bill. ; _c23 cm |
||
| 650 |
_aPhsiology _91269 |
||
| 942 |
_2z _cSLOAN |
||